000 00469nam a22001937a 4500
003 MPLRDC
005 20220104185223.0
008 210129b ||||| |||| 00| 0 eng d
020 _a986-6472-72-5
082 _a857.63 TJS-13
100 _a藤井树
245 _a流浪的终点
_c
250 _a初版
260 _a台湾
_b商周出版
_c2009
300 _b
490 _a网络小说. 132
650 _a短篇小说--别集
942 _cBK
_o857.63 TJS-13
999 _c63232
_d63222